000 00767nam a2200205 a 4500
001 000040046
005 20250113110645.0
008 130805s1982 xxu 000 0 spa d
040 _aDO-SdBNP
_bspa
_cBNPHU
082 _axxxx
_bxxxx
100 1 _aAlba Andrade, Fernando
_966300
245 1 0 _aAceleradores de particulas /
_cFernando Alba Andrade ; editora Eva V.Chesneau.
250 _a2a. ed. act.
260 _aMéxico :
_bSecretaría General de la Organización de los Estados Americanos
_bPrograma Regional de Desarrollo y Técnológico,
_c1982.
300 _a66 p. ;
_c25 cm.
490 1 _aMonografía
_v7
590 _aInventariado, 2019/BT
710 1 _a Organización de los Estados Americanos
_bSecretaría General
_966301
830 0 _aMonografía
_n7
_966302
999 _c39536
_d39536